"Don Quichotte" en France au XVII et au XVIII siècle (Record no. 29175)

MARC details
000 -LEADER
campo de control de longitud fija 00933nam a2200229 i 4500
001 - NÚMERO DE CONTROL
campo de control 29175
003 - IDENTIFICADOR DE NÚMERO DE CONTROL
campo de control ES-MaACL
005 - FECHA Y HORA DE LA ÚLTIMA TRANSACCIÓN
campo de control 20240223153032.0
007 - CAMPO FIJO DE DESCRIPCIÓN FÍSICA--INFORMACIÓN GENERAL
campo de control de longitud fija t|
008 - DATOS DE LONGITUD FIJA--INFORMACIÓN GENERAL
campo de control de longitud fija 030121s1931 fr ||||1| fre d
100 1# - ENTRADA PRINCIPAL--NOMBRE DE PERSONA
Nombre de persona Bardon, Maurice.
9 (RLIN) 25593
245 11 - MENCIÓN DEL TÍTULO
Título "Don Quichotte" en France au XVII et au XVIII siècle
Resto del título : 1605-1815 /
Mención de responsabilidad, etc. Maurice Bardon.
260 ## - PUBLICACIÓN, DISTRIBUCIÓN, ETC.
Lugar de publicación, distribución, etc. Paris :
Nombre del editor, distribuidor, etc. Libraire Ancienne Honoré Champion,
Fecha de publicación, distribución, etc. 1931 (
Fabricante Presses Modernes)
300 ## - DESCRIPCIÓN FÍSICA
Extensión 2 v. (932 p.), [3] h. lám. ;
Dimensiones 26 cm.
490 1# - MENCIÓN DE SERIE
Mención de serie Bibliothéque de la Revue de Littérature comparée
504 ## - NOTA DE BIBLIOGRAFÍA, ETC.
Nota de bibliografía, etc. Bibliografía: p. [845]-897. Índices.
600 14 - PUNTO DE ACCESO ADICIONAL DE MATERIA--NOMBRE DE PERSONA
Nombre de persona Cervantes Saavedra, Miguel de,
Fechas asociadas al nombre 1547-1616.
Título de la obra Don Quijote de la Mancha
9 (RLIN) 37612
600 17 - PUNTO DE ACCESO ADICIONAL DE MATERIA--NOMBRE DE PERSONA
Nombre de persona Cervantes Saavedra, Miguel de,
Fechas asociadas al nombre 1547-1616-
Subdivisión general Recepción-
Subdivisión geográfica Francia
Fuente del encabezamiento o término
9 (RLIN) 164274
830 0# - PUNTO DE ACCESO ADICIONAL DE SERIE-TÍTULO UNIFORME
Título uniforme Bibliothéque de la Revue de Littérature comparée
9 (RLIN) 182653
852 ## - LOCALIZACIÓN
Ubicación ES-MaACL
Número de control de estantería A-2050-51
Holdings
Estatus retirado Estado de pérdida Estado de daño No para préstamo Biblioteca de origen Biblioteca actual Ubicación en estantería Fecha de adquisición Fuente de adquisición Total de préstamos Signatura topográfica completa Código de barras Visto por última vez Precio de reemplazo Tipo de ítem Koha
        Biblioteca del Ateneo de Madrid Biblioteca del Ateneo de Madrid Sala Pecera Planta 1 17/01/2008     A-2050-51 1030119 23/02/2023 23/02/2023 Libro impreso